| 000 | 01408nam a2200217Ia 4500 | ||
|---|---|---|---|
| 003 | Ost | ||
| 005 | 20260416102353.0 | ||
| 008 | 260416s9999||||xx |||||||||||||| ||und|| | ||
| 040 | _cfsecg | ||
| 041 | _aara | ||
| 082 | _a658.834 | ||
| 100 |
_aحفصي، هدى _eمؤلف |
||
| 245 | 0 |
_aسلوك المستهلك / _c هدى حفصي |
|
| 260 |
_aالجزائر _bجامعة الجزائر3: كلية العلوم الإقتصادية، العلوم التجارية وعلوم التسيير _c2017 |
||
| 300 |
_a123 ورقة _bايضاحات _c30 سم |
||
| 520 | _aمفاهيم أساسية حول سلوك المستهلك و المداخل و النماذج المفسرة لسلوك المستهلك و العوامل الداخلية و الخارجية المؤثرة فيه و كذا استراتيجيات المزيج التسويقي و علاقتها بسلوك المستهلك و طبيعة و مراحل القرار الشرائي للمستهلك النهائي و تأثير الاتصال التسويقي حسب النماذج البنائية للاتجاهات وولاء المستهلك للعلامة التجارية | ||
| 653 | _aالمستهلكون | ||
| 653 | _aسلوك المستهلك | ||
| 710 |
_aجامعة الجزائر3: كلية العلوم الإقتصادية، العلوم التجارية وعلوم التسيير _eناشر علمي |
||
| 942 | _cHANDOUT | ||
| 999 |
_c41070 _d41070 |
||